Why We Cannot Fully Understand the Variability of the Insurance Portfolio
Správne posúdenie rizika, jeho modelovanie, klasifikácia a intenzita, pomocou vhodne vybraných premenných, je vo všeobecnosti dôležitou informáciou pre každú firmu, pokiaľ ide o jej ďalšiu hospodársku stratégiu, ale najmä pre poisťovne. Prezentácia rozsahu variability rizík, ktoré nemajú merateľné m...
Salvato in:
| Autore principale: | |
|---|---|
| Altri autori: | , |
| Natura: | Capitolo di libro |
| Lingua: | inglese |
| Soggetti: | |
| Tags: |
Nessun Tag, puoi essere il primo ad aggiungerne!!
|
MARC
| LEADER | 00000naa a2200000 4500 | ||
|---|---|---|---|
| 001 | 0238060 | ||
| 005 | 20240502083637.3 | ||
| 041 | 0 | |a eng | |
| 044 | |a RO | ||
| 245 | 1 | 0 | |a Why We Cannot Fully Understand the Variability of the Insurance Portfolio |c Jozef Fecenko, Zuzana Krátka, Katarína Sakálová |
| 520 | |a Správne posúdenie rizika, jeho modelovanie, klasifikácia a intenzita, pomocou vhodne vybraných premenných, je vo všeobecnosti dôležitou informáciou pre každú firmu, pokiaľ ide o jej ďalšiu hospodársku stratégiu, ale najmä pre poisťovne. Prezentácia rozsahu variability rizík, ktoré nemajú merateľné momenty. Rozsah variability rizík ukazuje, že existuje obmedzená schopnosť porozumieť im v celom portfóliu druhov rizík, ako aj v tarifných skupinách. | ||
| 610 | 2 | 0 | |a portfólio |
| 610 | 2 | 0 | |a rating |
| 610 | 2 | 0 | |a riziko poistné |
| 100 | 1 | |a Fecenko, Jozef | |
| 700 | 1 | |a Krátka, Zuzana, 1968- | |
| 700 | 1 | |a Sakálová, Katarína, 1955- | |